[Event "TUR-chT"]
[Site "Ankara"]
[Date "2022.08.26"]
[Round "12.6"]
[White "Ibik, Halit Yavuz"]
[Black "Salepci, Osman Firat"]
[Result "1-0"]
[WhiteElo "1947"]
[BlackElo "2074"]
[PlyCount "93"]
[EventDate "2022.08.16"]
[EventType "team-tourn"]
[EventRounds "13"]
[EventCountry "TUR"]
[SourceTitle "CBM 209 Extra"]
[Source "ChessBase"]
[SourceDate "2022.09.30"]
[SourceVersion "1"]
[SourceVersionDate "2022.09.30"]
[SourceQuality "1"]
[WhiteTeam "Gokyay Vakfi"]
[BlackTeam "Rota Koleji Dernegi"]
[WhiteTeamCountry "TUR"]
[BlackTeamCountry "TUR"]

1. e4 c5 2. Nf3 e6 3. d4 cxd4 4. Nxd4 a6 5. Nc3 Qc7 6. g3 Bb4 7. Bd2 Nf6 8. Bg2 Nc6 9. Nxc6 dxc6 10. 0-0 0-0 11. Re1 Rd8 12. e5 Ne8 13. Qe2 Bxc3 14. Bxc3 b6 15. Be4 Bb7 16. Qh5 g6 17. Qf3 Rd7 18. h4 Rad8 19. h5 c5 20. Kg2 Ng7 21. g4 gxh5 22. gxh5 Nf5 23. Kh2 Kh8 24. Rg1 Bxe4 25. Qxe4 Rg8 26. Rxg8+ Kxg8 27. Rg1+ Kh8 28. Qf4 Qd8 29. Rg5 Rd5 30. Rxf5 exf5 31. e6+ f6 32. Qg5 Qc7+ 33. Kg2 Rd4 34. Bxd4 cxd4 35. Qxf6+ Qg7+ 36. Qxg7+ Kxg7 37. Kf3 Kf6 38. Kf4 Kxe6 39. Kg5 b5 40. f4 b4 41. b3 h6+ 42. Kg6 a5 43. Kxh6 Kf6 44. Kh7 Kf7 45. h6 a4 46. bxa4 b3 47. axb3 1-0

[Event "TUR Cup"]
[Site "Adapazari"]
[Date "2022.03.29"]
[Round "7"]
[White "Gulbeyaz, Emir"]
[Black "Ibik, Halit Yavuz"]
[Result "1-0"]
[WhiteElo "2218"]
[BlackElo "1990"]
[PlyCount "125"]
[EventDate "2022.03.25"]
[EventType "swiss"]
[EventRounds "11"]
[EventCountry "TUR"]
[SourceTitle "EXT 2023"]
[Source "ChessBase"]
[SourceDate "2022.10.05"]
[SourceVersion "1"]
[SourceVersionDate "2022.10.05"]
[SourceQuality "1"]

1. e4 c5 2. Nf3 d6 3. d4 cxd4 4. Nxd4 Nf6 5. Nc3 a6 6. Be3 e5 7. Nb3 Be6 8. f3 h5 9. Qd2 Nbd7 10. Be2 Be7 11. Nd5 Nxd5 12. exd5 Bf5 13. c4 Rc8 14. 0-0 Bf6 15. Na5 Qc7 16. Rac1 b6 17. Nc6 a5 18. g4 Bg6 19. g5 Bd8 20. Bd3 Bxd3 21. Qxd3 Nc5 22. Bxc5 bxc5 23. f4 0-0 24. h4 exf4 25. Rxf4 Qd7 26. Qe2 g6 27. Re1 Kg7 28. Qe3 a4 29. Kh2 Ra8 30. Re2 Rc8 31. Qc3+ Kg8 32. Rfe4 Ra8 33. Qg3 Kg7 34. a3 Rc8 35. b3 axb3 36. Qxb3 Ra8 37. a4 Kg8 38. Kg2 Kh7 39. Qb5 Qc8 40. a5 Qa6 41. Re8 Rxe8 42. Rxe8 Bc7 43. Qxa6 Rxa6 44. Re3 Kg7 45. Kf3 Ra8 46. Ra3 f6 47. a6 fxg5 48. hxg5 Kg8 49. Kg3 Bb6 50. a7 Kf8 51. Rf3+ Kg8 52. Rb3 Bxa7 53. Ra3 Re8 54. Rxa7 Re4 55. Ne7+ Kf7 56. Nf5+ Kg8 57. Rg7+ Kf8 58. Rxg6 Rxc4 59. Rf6+ Kg8 60. g6 h4+ 61. Kh3 Rc1 62. g7 Rg1 63. Rf8+ 1-0

[Event "TUR Cup"]
[Site "Adapazari"]
[Date "2022.03.25"]
[Round "1"]
[White "Ersoz, Celalettin"]
[Black "Ibik, Halit Yavuz"]
[Result "0-1"]
[WhiteElo "1279"]
[BlackElo "1990"]
[PlyCount "34"]
[EventDate "2022.03.25"]
[EventType "swiss"]
[EventRounds "11"]
[EventCountry "TUR"]
[SourceTitle "EXT 2023"]
[Source "ChessBase"]
[SourceDate "2022.10.05"]
[SourceVersion "1"]
[SourceVersionDate "2022.10.05"]
[SourceQuality "1"]

1. d4 d5 2. c4 e6 3. Nf3 Nf6 4. Nc3 c6 5. cxd5 exd5 6. h3 Bd6 7. e3 0-0 8. Bd3 Re8 9. 0-0 Ne4 10. Qc2 f5 11. a3 Nd7 12. b4 Qf6 13. Rb1 g5 14. Bxe4 fxe4 15. Nd2 g4 16. g3 gxh3 17. Nb3 Qf3 0-1

[Event "Ankara Ipek Memorial 8th"]
[Site "Ankara"]
[Date "2020.03.08"]
[Round "7"]
[White "Ibik, Halit Yavuz"]
[Black "Arici, Abdulvahap"]
[Result "1-0"]
[WhiteElo "1991"]
[BlackElo "1346"]
[PlyCount "39"]
[EventDate "2020.03.04"]
[EventType "swiss"]
[EventRounds "7"]
[EventCountry "TUR"]
[SourceTitle "CBM 195 Extra"]
[Source "ChessBase"]
[SourceDate "2020.05.31"]
[SourceVersion "1"]
[SourceVersionDate "2020.05.31"]
[SourceQuality "1"]

1. e4 e6 2. d4 d5 3. Nc3 Nf6 4. Bg5 dxe4 5. Nxe4 Be7 6. Bxf6 Bxf6 7. Nf3 g6 8. Qd2 Nc6 9. Nxf6+ Qxf6 10. 0-0-0 0-0 11. h4 Rd8 12. Qe3 Ne7 13. Bc4 a6 14. Ne5 Nd5 15. Bxd5 Rxd5 16. h5 c5 17. hxg6 fxg6 18. Ng4 Qg7 19. Qf3 Rf5 20. Nh6+ 1-0

[Event "Ankara Ipek Memorial 8th"]
[Site "Ankara"]
[Date "2020.03.07"]
[Round "3"]
[White "Ibik, Halit Yavuz"]
[Black "Ilarslan, Can"]
[Result "1-0"]
[WhiteElo "1991"]
[BlackElo "1630"]
[PlyCount "56"]
[EventDate "2020.03.04"]
[EventType "swiss"]
[EventRounds "7"]
[EventCountry "TUR"]
[SourceTitle "CBM 195 Extra"]
[Source "ChessBase"]
[SourceDate "2020.05.31"]
[SourceVersion "1"]
[SourceVersionDate "2020.05.31"]
[SourceQuality "1"]

1. e4 e5 2. Nf3 Nc6 3. Bb5 a6 4. Ba4 Nf6 5. 0-0 Be7 6. Re1 b5 7. Bb3 0-0 8. c3 d5 9. exd5 Nxd5 10. Nxe5 Nxe5 11. Rxe5 c6 12. d3 Bd6 13. Re1 Qh4 14. g3 Qh3 15. Re4 Nf6 16. Rh4 Qf5 17. Bc2 h5 18. d4 Qd5 19. c4 Qe6 20. Nc3 g6 21. Bg5 Nh7 22. d5 cxd5 23. cxd5 Qd7 24. Rxh5 gxh5 25. Bxh7+ Kxh7 26. Qxh5+ Kg8 27. Bf6 Qh3 28. Qg5+ Kh7 1-0

[Event "Ankara Ipek Memorial 8th"]
[Site "Ankara"]
[Date "2020.03.04"]
[Round "1"]
[White "Ibik, Halit Yavuz"]
[Black "Uzun, Efe"]
[Result "1-0"]
[WhiteElo "1991"]
[BlackElo "1322"]
[PlyCount "54"]
[EventDate "2020.03.04"]
[EventType "swiss"]
[EventRounds "7"]
[EventCountry "TUR"]
[SourceTitle "CBM 195 Extra"]
[Source "ChessBase"]
[SourceDate "2020.05.31"]
[SourceVersion "1"]
[SourceVersionDate "2020.05.31"]
[SourceQuality "1"]

1. e4 e5 2. Nf3 Nc6 3. Bb5 a6 4. Ba4 Bc5 5. 0-0 b5 6. Bb3 Nf6 7. c3 0-0 8. d4 exd4 9. cxd4 Bb6 10. e5 Ne8 11. Bg5 Ne7 12. Nc3 Bb7 13. Re1 h6 14. Bh4 g5 15. Nxg5 hxg5 16. Bxg5 Ng7 17. Qg4 d5 18. Bf6 Ng6 19. Bxd8 Raxd8 20. Rad1 Bc8 21. Qg5 Ne6 22. Qh6 c6 23. Ne2 Ng7 24. Bc2 Bf5 25. Bxf5 Nxf5 26. Qg5 Nfe7 27. Ng3 Kh7 1-0

[Event "TUR Cup"]
[Site "Antalya"]
[Date "2020.01.29"]
[Round "5"]
[White "Ozsakallioglu, Okan"]
[Black "Ibik, Halit Yavuz"]
[Result "1-0"]
[WhiteElo "2272"]
[BlackElo "1952"]
[PlyCount "75"]
[EventDate "2020.01.26"]
[EventType "swiss"]
[EventRounds "11"]
[EventCountry "TUR"]
[SourceTitle "CBM 194 Extra"]
[Source "ChessBase"]
[SourceDate "2020.03.31"]
[SourceVersion "1"]
[SourceVersionDate "2020.03.31"]
[SourceQuality "1"]

1. e4 c5 2. Nf3 d6 3. d4 cxd4 4. Nxd4 Nf6 5. Nc3 a6 6. f3 e6 7. Be3 Qc7 8. Qd2 Nbd7 9. g4 Ne5 10. g5 Nfd7 11. f4 Nc4 12. Bxc4 Qxc4 13. 0-0-0 b5 14. f5 b4 15. fxe6 fxe6 16. Nb1 Qxa2 17. b3 Nc5 18. Qxb4 d5 19. Qb6 Bd7 20. Nc3 Qa3+ 21. Kb1 dxe4 22. Bc1 Na4 23. Nxa4 Qb4 24. Nxe6 Qxb6 25. Nxb6 Ra7 26. Nxd7 Rxd7 27. Rxd7 Kxd7 28. Nxf8+ Rxf8 29. Bb2 g6 30. Re1 Rf4 31. Be5 Rg4 32. c4 Ke6 33. Bg3 Kd7 34. Kc2 Rxg5 35. Rxe4 Rf5 36. Rd4+ Ke7 37. Rd6 Ra5 38. Rb6 1-0

[Event "TUR Cup"]
[Site "Antalya"]
[Date "2020.01.27"]
[Round "3"]
[White "Aydogdu, Cagatay"]
[Black "Ibik, Halit Yavuz"]
[Result "0-1"]
[WhiteElo "1803"]
[BlackElo "1952"]
[PlyCount "64"]
[EventDate "2020.01.26"]
[EventType "swiss"]
[EventRounds "11"]
[EventCountry "TUR"]
[SourceTitle "CBM 194 Extra"]
[Source "ChessBase"]
[SourceDate "2020.03.31"]
[SourceVersion "1"]
[SourceVersionDate "2020.03.31"]
[SourceQuality "1"]

1. e4 c5 2. Nf3 d6 3. Nc3 Nf6 4. e5 dxe5 5. Nxe5 e6 6. Bb5+ Bd7 7. Nxd7 Nbxd7 8. d4 a6 9. Be2 Qc7 10. 0-0 Bd6 11. h3 0-0 12. Be3 Rfd8 13. Bf3 cxd4 14. Qxd4 Ne5 15. Qh4 Ng6 16. Qa4 b5 17. Qb3 Rac8 18. Rac1 Be5 19. Ne2 Nh4 20. Bg5 Nxf3+ 21. gxf3 h6 22. Bh4 Rd2 23. Qe3 Qd6 24. c3 g5 25. Bxg5 hxg5 26. Qxg5+ Kh8 27. Qh6+ Nh7 28. Nd4 Bf4 29. Qh4 Rxd4 30. cxd4 Rxc1 31. Rxc1 Bxc1 32. Qh5 Qf4 0-1

[Event "Istanbul op"]
[Site "Istanbul"]
[Date "2019.08.27"]
[Round "3"]
[White "Ibik, Halit Yavuz"]
[Black "Kamer, Kayra"]
[Result "0-1"]
[WhiteElo "1990"]
[BlackElo "2306"]
[PlyCount "238"]
[EventDate "2019.08.26"]
[EventType "swiss"]
[EventRounds "9"]
[EventCountry "TUR"]
[SourceTitle "EXT 2020"]
[Source "ChessBase"]
[SourceDate "2019.10.17"]
[SourceVersion "1"]
[SourceVersionDate "2019.10.17"]
[SourceQuality "1"]

1. e4 c5 2. Nf3 e6 3. d4 cxd4 4. Nxd4 a6 5. c4 Nf6 6. Nc3 Qc7 7. Qd3 Nc6 8. Nxc6 dxc6 9. Qg3 e5 10. Be2 b5 11. a3 Be6 12. Be3 bxc4 13. Rc1 Rb8 14. Rc2 Rb3 15. f3 Be7 16. 0-0 0-0 17. Rfc1 Rfb8 18. Nd1 Rxe3 19. Nxe3 Bc5 20. Rc3 Rxb2 21. Qe1 Qb6 22. Bf1 Bd4 23. Kh1 Bxc3 24. Rxc3 Rb1 25. Rc1 Rxc1 26. Qxc1 Nd7 27. Nxc4 Qc5 28. Qc3 f6 29. Qd3 a5 30. Ne3 Qd4 31. Kg1 Kf8 32. Kf2 Qxd3 33. Bxd3 Nb6 34. Ke2 Ke7 35. Kd2 Kd6 36. Kc3 Kc5 37. Be2 Na4+ 38. Kd2 g6 39. g4 Nb6 40. Kc3 Na8 41. Nd1 Nc7 42. a4 Ba2 43. Nb2 Ne6 44. Nd3+ Kd6 45. Bd1 Nd4 46. Nc1 Be6 47. f4 Bc8 48. f5 gxf5 49. gxf5 Ba6 50. Nd3 c5 51. h4 Nc6 52. Nf2 Bf1 53. Ng4 Ke7 54. Ne3 Ba6 55. Nc4 Bb7 56. Bc2 Ba6 57. Bd1 Kf8 58. Bc2 Kg7 59. Bd1 Kf8 60. Bc2 Ke8 61. Bd1 Kd8 62. Bc2 Kd7 63. Bd1 Kc7 64. Bc2 Bxc4 65. Kxc4 Nb4 66. Bd1 Kb6 67. Kc3 Kc6 68. Kc4 h6 69. Bb3 Na6 70. Bd1 Nc7 71. Bh5 Na8 72. Be8+ Kb6 73. Bh5 Nc7 74. Be2 Kc6 75. Bh5 Na6 76. Be8+ Kb6 77. Bh5 Nb4 78. Bd1 Kc6 79. Bb3 Kd6 80. Bd1 Nc6 81. Kc3 Nd4 82. Kc4 Kc6 83. Kc3 Kc7 84. Kc4 Kd6 85. Kc3 Nc6 86. Kc4 Na7 87. Be2 Kc6 88. Bh5 Nc8 89. Be8+ Kb6 90. Bh5 Ne7 91. Be8 Nc8 92. Bh5 Kc6 93. Be8+ Kd6 94. Bh5 Nb6+ 95. Kb5 Nd7 96. Be2 c4 97. Bxc4 Nc5 98. Bd5 Nd3 99. Bc4 Nf2 100. Bd5 Nd1 101. Kxa5 Nc3 102. Ba8 Kc5 103. Bb7 h5 104. Ba8 Ne2 105. Ka6 Nd4 106. Bd5 Nxf5 107. exf5 Kxd5 108. Kb5 Kd6 109. a5 Kc7 110. a6 Kb8 111. Kc5 Ka7 112. Kd6 e4 113. Ke6 e3 114. Kxf6 e2 115. Kg6 e1Q 116. Kxh5 Qe8+ 117. Kh6 Qf7 118. f6 Qxf6+ 119. Kh5 Kxa6 0-1

[Event "Ankara Baskent Univ op-A 3rd"]
[Site "Ankara"]
[Date "2018.08.28"]
[Round "2"]
[White "Ibik, Halit Yavuz"]
[Black "Darban Vaighani, Morteza"]
[Result "1/2-1/2"]
[WhiteElo "1844"]
[BlackElo "2331"]
[PlyCount "125"]
[EventDate "2018.08.27"]
[EventType "swiss"]
[EventRounds "9"]
[EventCountry "TUR"]
[SourceTitle "CBM 187 Extra"]
[Source "ChessBase"]
[SourceDate "2018.11.04"]
[SourceVersion "1"]
[SourceVersionDate "2018.11.04"]
[SourceQuality "1"]

1. e4 c5 2. Nf3 Nc6 3. d4 cxd4 4. Nxd4 Nf6 5. f3 Qb6 6. Nb3 e6 7. Nc3 a6 8. a3 Qc7 9. Be3 b5 10. Be2 Ne5 11. 0-0 Bb7 12. f4 Nc4 13. Bxc4 bxc4 14. Nd2 Bc5 15. Qe2 Ng4 16. Nxc4 Nxe3 17. Nxe3 Qb6 18. Rfe1 Qxb2 19. Na4 Qd4 20. Nxc5 Qxc5 21. Qd3 Bc6 22. Kh1 0-0 23. c4 Rab8 24. Rab1 f6 25. h3 Rxb1 26. Rxb1 e5 27. f5 Qd4 28. Rd1 Qxd3 29. Rxd3 Rb8 30. Nd5 Kf8 31. Kh2 Rb2 32. Kg3 Rc2 33. Rc3 Rxc3+ 34. Nxc3 g6 35. fxg6 hxg6 36. Kf2 f5 37. Ke3 Ke7 38. g3 Kd6 39. Kd3 Kc5 40. exf5 gxf5 41. Nd1 Bg2 42. h4 Bf1+ 43. Kd2 Bxc4 44. Ne3 Be6 45. h5 f4 46. gxf4 exf4 47. Ng2 f3 48. Nf4 Bf5 49. Nd3+ Kd4 50. Nf4 Ke5 51. Nd3+ Kf6 52. Nf2 Kg5 53. Ke3 Kxh5 54. Kxf3 Kg5 55. Ke3 a5 56. Nd1 Bc2 57. Nc3 Kf5 58. Kd4 a4 59. Kd5 Kf4 60. Kd6 Ke3 61. Kxd7 Kd4 62. Nxa4 Bxa4+ 63. Kd6 1/2-1/2

[Event "TUR-chT2"]
[Site "Konya"]
[Date "2018.07.13"]
[Round "6.1"]
[White "Ibik, Halit Yavuz"]
[Black "Ciblakbas, Sertan"]
[Result "1-0"]
[WhiteElo "1972"]
[BlackElo "1698"]
[PlyCount "91"]
[EventDate "2018.07.10"]
[EventType "team-swiss"]
[EventRounds "9"]
[EventCountry "TUR"]
[SourceTitle "EXT 2019"]
[Source "ChessBase"]
[SourceDate "2018.10.10"]
[SourceVersion "1"]
[SourceVersionDate "2018.10.10"]
[SourceQuality "1"]
[WhiteTeam "Ceylanpinar Belediyesi"]
[BlackTeam "Beyazkale Dernegi"]
[WhiteTeamCountry "TUR"]
[BlackTeamCountry "TUR"]

1. d4 Nf6 2. c4 e6 3. Nf3 d5 4. Bf4 Be7 5. Nc3 a6 6. e3 0-0 7. Rc1 Nbd7 8. Bd3 dxc4 9. Bxc4 b5 10. Bb3 c5 11. d5 exd5 12. Nxd5 Qa5+ 13. Qd2 Qxd2+ 14. Nxd2 Nxd5 15. Bxd5 Ra7 16. b3 Bb7 17. Bxb7 Rxb7 18. Ke2 Nf6 19. e4 Rd8 20. Rc2 Rbd7 21. Rhc1 h6 22. f3 Nh5 23. Be3 Bg5 24. g3 Bxe3 25. Kxe3 Rd3+ 26. Ke2 Nf6 27. Nb1 g5 28. e5 Nh5 29. Rxc5 Kg7 30. R1c2 Rd1 31. Nc3 Rh1 32. Ke3 b4 33. Nd5 Kh7 34. Nxb4 Rdd1 35. Nd3 Ng7 36. Rc7 Kg6 37. R7c6+ Ne6 38. Rxa6 h5 39. Rb6 h4 40. gxh4 gxh4 41. Rb4 h3 42. Rg4+ Kf5 43. b4 Rdg1 44. Rxg1 Rxg1 45. b5 Ng5 46. b6 1-0

[Event "TUR-chT2"]
[Site "Konya"]
[Date "2018.07.10"]
[Round "1.7"]
[White "Ay, Riza Enes"]
[Black "Ibik, Halit Yavuz"]
[Result "0-1"]
[WhiteElo "1362"]
[BlackElo "1972"]
[PlyCount "63"]
[EventDate "2018.07.10"]
[EventType "team-swiss"]
[EventRounds "9"]
[EventCountry "TUR"]
[SourceTitle "EXT 2019"]
[Source "ChessBase"]
[SourceDate "2018.10.10"]
[SourceVersion "1"]
[SourceVersionDate "2018.10.10"]
[SourceQuality "1"]
[WhiteTeam "Burdur Belediyesi"]
[BlackTeam "Ceylanpinar Belediyesi"]
[WhiteTeamCountry "TUR"]
[BlackTeamCountry "TUR"]

1. e4 c5 2. Nc3 d6 3. Bb5+ Bd7 4. Bxd7+ Qxd7 5. f4 Nc6 6. d3 g6 7. Nf3 Bg7 8. 0-0 Nf6 9. Qe1 Rb8 10. f5 gxf5 11. e5 dxe5 12. Nxe5 Qd4+ 13. Qf2 Qxf2+ 14. Rxf2 Nxe5 15. Rxf5 Ned7 16. Nb5 a6 17. Nc3 e6 18. Rf1 Ng4 19. Ne4 f5 20. Nd6+ Ke7 21. Bf4 Bd4+ 22. Kh1 Nf2+ 23. Rxf2 Bxf2 24. Nxf5+ exf5 25. Bxb8 Rxb8 26. Rf1 Bd4 27. c3 Bg7 28. Rxf5 Rf8 29. Rxf8 Bxf8 30. Kg1 Ne5 31. d4 cxd4 32. cxd4 0-1

[Event "TUR-chT 2nd League"]
[Site "Konya"]
[Date "2017.07.23"]
[Round "9.1"]
[White "Ibik, Halit Yavuz"]
[Black "Aktas, Ilker"]
[Result "1/2-1/2"]
[WhiteElo "2004"]
[BlackElo "1905"]
[PlyCount "46"]
[EventDate "2017.07.17"]
[EventType "team-swiss"]
[EventRounds "9"]
[EventCountry "TUR"]
[SourceTitle "CBM 179 Extra"]
[Source "ChessBase"]
[SourceDate "2017.08.23"]
[SourceVersion "1"]
[SourceVersionDate "2017.08.23"]
[SourceQuality "1"]
[WhiteTeam "Berk Tugra Caliskan"]
[BlackTeam "Malatya Yesilyurt"]
[WhiteTeamCountry "TUR"]
[BlackTeamCountry "TUR"]

1. e4 c5 2. Nf3 d6 3. d4 cxd4 4. Qxd4 Nc6 5. Bb5 Nf6 6. Nc3 e6 7. e5 dxe5 8. Qxd8+ Kxd8 9. Bxc6 bxc6 10. Nxe5 Ke8 11. Be3 Nd5 12. Ne4 Nxe3 13. fxe3 f5 14. Nd2 Ba6 15. 0-0-0 Rc8 16. Ndc4 Bxc4 17. Nxc4 Bc5 18. Rd3 Ke7 19. Ne5 Bd6 20. Nc4 Bc5 21. Ne5 Bd6 22. Nc4 Bc5 23. Ne5 Bd6 1/2-1/2

[Event "TUR-chT 2nd League"]
[Site "Konya"]
[Date "2017.07.17"]
[Round "1.2"]
[White "Ince, Ali Emre"]
[Black "Ibik, Halit Yavuz"]
[Result "0-1"]
[WhiteElo "1591"]
[BlackElo "2004"]
[PlyCount "60"]
[EventDate "2017.07.17"]
[EventType "team-swiss"]
[EventRounds "9"]
[EventCountry "TUR"]
[SourceTitle "CBM 179 Extra"]
[Source "ChessBase"]
[SourceDate "2017.08.23"]
[SourceVersion "1"]
[SourceVersionDate "2017.08.23"]
[SourceQuality "1"]
[WhiteTeam "Ordu Gul Bahcesi"]
[BlackTeam "Berk Tugra Caliskan"]
[WhiteTeamCountry "TUR"]
[BlackTeamCountry "TUR"]

1. e4 c5 2. c3 d5 3. exd5 Qxd5 4. d4 Nc6 5. Nf3 Nf6 6. dxc5 Qxd1+ 7. Kxd1 Bg4 8. Be2 e5 9. b4 a5 10. b5 0-0-0+ 11. Ke1 Bxf3 12. gxf3 Nb8 13. Rg1 Nd5 14. Bc4 g6 15. Ba3 f5 16. Bxd5 Rxd5 17. c4 Rd4 18. Nd2 Rd3 19. Bb2 Bh6 20. Rd1 Rhd8 21. Bc1 Nd7 22. Nb3 Nxc5 23. Rxd3 Nxd3+ 24. Ke2 Nxc1+ 25. Nxc1 Rd2+ 26. Ke1 Rb2 27. Kd1 Rxf2 28. Nb3 Rxa2 29. Re1 a4 30. Nc1 Rd2# 0-1

[Event "TUR Cup"]
[Site "Antalya"]
[Date "2017.02.01"]
[Round "7"]
[White "Ibik, Halit Yavuz"]
[Black "Sahin, Doga Boran"]
[Result "1/2-1/2"]
[WhiteElo "1897"]
[BlackElo "2104"]
[PlyCount "96"]
[EventDate "2017.01.28"]
[EventType "swiss"]
[EventRounds "11"]
[EventCountry "TUR"]
[SourceTitle "CBM 176 Extra"]
[Source "ChessBase"]
[SourceDate "2017.03.02"]
[SourceVersion "1"]
[SourceVersionDate "2017.03.02"]
[SourceQuality "1"]

1. e4 c5 2. Nf3 Nc6 3. d4 cxd4 4. Nxd4 g6 5. Be3 Bg7 6. c4 d6 7. Qd2 Nf6 8. f3 Nxd4 9. Bxd4 Be6 10. Nc3 0-0 11. Be2 Qa5 12. Rc1 Rac8 13. b3 a6 14. 0-0 b5 15. cxb5 axb5 16. Qd3 b4 17. Na4 Nd7 18. Bxg7 Kxg7 19. Qd4+ f6 20. f4 Nc5 21. Nxc5 dxc5 22. Qb2 Qa8 23. Bc4 Bxc4 24. Rxc4 Rfd8 25. Rfc1 Rd4 26. Rxd4 cxd4 27. Rxc8 Qxc8 28. Qxd4 Qc3 29. Qf2 Qa1+ 30. Qf1 Qxa2 31. Qd1 Qa7+ 32. Kf1 Qe3 33. Qf3 Qd2 34. h4 Qc1+ 35. Kf2 Qd2+ 36. Kf1 Kf8 37. g3 Kg7 38. Kg1 h6 39. Kf1 Qc1+ 40. Kf2 Qb2+ 41. Kf1 Qd2 42. Kg1 e5 43. fxe5 Qd4+ 44. Kf1 Qa1+ 45. Kf2 Qxe5 46. Qd3 Qc7 47. Kf3 Qf7 48. Ke2 Qc7 1/2-1/2

[Event "TUR Cup"]
[Site "Antalya"]
[Date "2017.01.30"]
[Round "4"]
[White "Ibik, Halit Yavuz"]
[Black "Rzayev, Askar Aliakbar"]
[Result "1/2-1/2"]
[WhiteElo "1839"]
[BlackElo "2074"]
[PlyCount "185"]
[EventDate "2017.01.28"]
[EventType "swiss"]
[EventRounds "11"]
[EventCountry "TUR"]
[SourceTitle "CBM 176 Extra"]
[Source "ChessBase"]
[SourceDate "2017.03.02"]
[SourceVersion "1"]
[SourceVersionDate "2017.03.02"]
[SourceQuality "1"]

1. e4 Nc6 2. Nc3 Nf6 3. d4 d5 4. e5 Ne4 5. Nxe4 dxe4 6. c3 f6 7. exf6 exf6 8. f3 Qd5 9. Bf4 Bd6 10. Bxd6 cxd6 11. fxe4 Qxe4+ 12. Qe2 Bf5 13. Qxe4+ Bxe4 14. 0-0-0 Kd7 15. Ne2 d5 16. Ng3 f5 17. Re1 Rae8 18. Nxe4 fxe4 19. Be2 Rhf8 20. Rhf1 a6 21. Kd2 Kd6 22. a4 Ne7 23. g4 Ng6 24. Ke3 Nh4 25. Rxf8 Rxf8 26. Rf1 Ng2+ 27. Kd2 Nf4 28. Ke3 g5 29. Rf2 b5 30. axb5 axb5 31. Bxb5 Ra8 32. Bf1 Ra1 33. c4 Re1+ 34. Kd2 Rb1 35. Ke3 Re1+ 36. Kd2 Ra1 37. Ke3 Rb1 38. c5+ Kc6 39. h4 h6 40. hxg5 hxg5 41. Ba6 Rh1 42. Kd2 Rh3 43. Ke1 e3 44. Rc2 Rh1+ 45. Bf1 e2 46. Rxe2 Nxe2 47. Kxe2 Rh2+ 48. Ke3 Rxb2 49. Bd3 Rg2 50. Kf3 Rg1 51. Be2 Rh1 52. Ke3 Rh3+ 53. Kd2 Rg3 54. Kc2 Rg2 55. Kd2 Rf2 56. Ke3 Rf4 57. Bf3 Rf8 58. Be2 Rf6 59. Bd3 Kb7 60. Bf5 Ra6 61. Bd3 Ra3 62. Ke2 Ra8 63. Ke3 Re8+ 64. Kf3 Rf8+ 65. Ke3 Rf4 66. Bf5 Kc6 67. Kd3 Rf3+ 68. Ke2 Rg3 69. Kd2 Kb5 70. Bd7+ Kb4 71. c6 Rc3 72. Ke2 Ka3 73. Kd2 Kb2 74. Be8 Rc2+ 75. Kd3 Rc3+ 76. Kd2 Rc4 77. Kd3 Rc1 78. Kd2 Rc3 79. Bd7 Rc2+ 80. Kd3 Rc4 81. Be8 Ka3 82. Bf7 Rxc6 83. Bxd5 Rf6 84. Kc4 Ka4 85. Kc5 Ka5 86. Bb7 Rf1 87. d5 Rc1+ 88. Kd6 Rc4 89. Bc6 Rxg4 90. Kc7 Rd4 91. d6 Kb4 92. d7 Kc5 93. Bg2 1/2-1/2

[Event "TUR Cup"]
[Site "Antalya"]
[Date "2017.01.29"]
[Round "2"]
[White "Ibik, Halit Yavuz"]
[Black "Kizilkaya, Burak"]
[Result "1-0"]
[WhiteElo "1839"]
[BlackElo "2043"]
[PlyCount "87"]
[EventDate "2017.01.28"]
[EventType "swiss"]
[EventRounds "11"]
[EventCountry "TUR"]
[SourceTitle "CBM 176 Extra"]
[Source "ChessBase"]
[SourceDate "2017.03.02"]
[SourceVersion "1"]
[SourceVersionDate "2017.03.02"]
[SourceQuality "1"]

1. e4 e5 2. Nf3 d6 3. d4 Be7 4. dxe5 Bd7 5. exd6 Bxd6 6. Bc4 Nc6 7. 0-0 Nf6 8. Re1 0-0 9. e5 Na5 10. Bb3 Bxe5 11. Nxe5 Bb5 12. Qxd8 Raxd8 13. Nc3 a6 14. Nxb5 axb5 15. Bg5 Rfe8 16. Bxf7+ Kf8 17. Bxe8 Rxe8 18. Bxf6 gxf6 19. Nd7+ Kf7 20. Rxe8 Kxe8 21. Nxf6+ Kf8 22. Nxh7+ Kg8 23. Ng5 Nc4 24. b3 Ne5 25. Re1 Ng6 26. Re8+ Kg7 27. Rc8 c6 28. g3 Ne7 29. Rc7 Kf6 30. Ne4+ Ke6 31. Rxe7+ Kxe7 32. h4 Kf7 33. Nd6+ Kg7 34. Nxb7 Kg6 35. a4 bxa4 36. bxa4 c5 37. a5 Kf5 38. a6 c4 39. a7 Ke4 40. a8Q Kf3 41. Na5+ Kg4 42. Qf8 Kh5 43. Qg7 c3 44. Qg5# 1-0

[Event "TUR-chT2"]
[Site "Konya"]
[Date "2016.07.19"]
[Round "4.9"]
[White "Ibik, Halit Yavuz"]
[Black "Tatar, Ismail Anil"]
[Result "1-0"]
[WhiteElo "1851"]
[BlackElo "1650"]
[PlyCount "100"]
[EventDate "2016.07.17"]
[EventType "team-swiss"]
[EventRounds "9"]
[EventCountry "TUR"]
[SourceTitle "CBM 173 Extra"]
[Source "ChessBase"]
[SourceDate "2016.08.29"]
[SourceVersion "1"]
[SourceVersionDate "2016.08.29"]
[SourceQuality "1"]
[WhiteTeam "Ankara Ego"]
[BlackTeam "Ankara Orta Dogu"]
[WhiteTeamCountry "TUR"]
[BlackTeamCountry "TUR"]

1. e4 d6 2. d4 Nf6 3. Nc3 g6 4. f4 Bg7 5. Be2 0-0 6. Be3 a6 7. Bf3 e5 8. Qd2 Ng4 9. Bxg4 Bxg4 10. Nge2 Nc6 11. 0-0 f5 12. exf5 Bxf5 13. d5 Na5 14. b3 c5 15. Rae1 Qc7 16. Ng3 Bd7 17. Nce4 Rae8 18. fxe5 Bxe5 19. Bf4 Bf5 20. Nxf5 Rxf5 21. Bxe5 Rexe5 22. Nf6+ Kh8 23. Rxf5 gxf5 24. Rxe5 dxe5 25. Qg5 Qg7 26. Qxf5 Qg6 27. Qxe5 Kg7 28. Ne4+ Kh6 29. d6 Nc6 30. Qf4+ Kg7 31. d7 Qe6 32. Qg3+ Kf8 33. Qf2+ Kg7 34. Nxc5 Qe7 35. h3 b6 36. Qg3+ Kh8 37. Nd3 Qxd7 38. Qf2 Qd8 39. Qf5 Nd4 40. Qe5+ Kg8 41. Qe4 Nxc2 42. Qc4+ Kg7 43. Qxc2 Qd4+ 44. Kh2 Qd6+ 45. g3 b5 46. Nf4 b4 47. Qd3 Qc6 48. Qd4+ Kh6 49. Qc4 Qf3 50. Qe6+ Kg7 1-0

[Event "TUR-chT2"]
[Site "Konya"]
[Date "2016.07.18"]
[Round "2.6"]
[White "Caglar, Ahmet Ata"]
[Black "Ibik, Halit Yavuz"]
[Result "1-0"]
[WhiteElo "1968"]
[BlackElo "1851"]
[PlyCount "97"]
[EventDate "2016.07.17"]
[EventType "team-swiss"]
[EventRounds "9"]
[EventCountry "TUR"]
[SourceTitle "CBM 173 Extra"]
[Source "ChessBase"]
[SourceDate "2016.08.29"]
[SourceVersion "1"]
[SourceVersionDate "2016.08.29"]
[SourceQuality "1"]
[WhiteTeam "Istanbul Darussafaka"]
[BlackTeam "Ankara Ego"]
[WhiteTeamCountry "TUR"]
[BlackTeamCountry "TUR"]

1. e4 c5 2. Nf3 d6 3. d4 cxd4 4. Nxd4 Nf6 5. Nc3 a6 6. g3 b5 7. Bg2 Bb7 8. 0-0 e6 9. Re1 Qc7 10. a4 bxa4 11. Rxa4 Nbd7 12. Rb4 Rb8 13. Qe2 Be7 14. Rc4 Qd8 15. Nc6 Bxc6 16. Rxc6 Rb6 17. Rxb6 Qxb6 18. Na4 Qa5 19. b3 0-0 20. Bf1 d5 21. Bd2 Qc7 22. exd5 Nxd5 23. Qc4 Ne5 24. Qe4 Bd6 25. f4 Ng4 26. Bd3 Ndf6 27. Qf3 Rd8 28. h3 Nh6 29. g4 Nd5 30. g5 Bc5+ 31. Nxc5 Qxc5+ 32. Qf2 Qxf2+ 33. Kxf2 Nf5 34. Bxa6 Nd4 35. Bd3 Ne7 36. Be3 Nxb3 37. Rd1 Rb8 38. cxb3 Rxb3 39. Rb1 Rxb1 40. Bxb1 f6 41. Kf3 Nd5 42. Ba2 Nxe3 43. Bxe6+ Kf8 44. Kxe3 Ke7 45. Ba2 fxg5 46. fxg5 h6 47. h4 Kf8 48. Kf4 hxg5+ 49. hxg5 1-0